000 00731cam a22002653a 4500
001 216
003 PGUSA
005 20140828082945.0
008 950201s1995||||xxu|||||s|||||000 | eng d
040 _aPGUSA
_beng
042 _adc
050 4 _aBL
100 1 _aLaozi
245 1 4 _aThe Tao Teh King, or the Tao and its Characteristics
_h[electronic resource] /
_cLaozi
260 _bProject Gutenberg,
_c1995
506 _aPublic domain in the USA.
516 _aElectronic text
653 _aPhilosophy, Chinese
653 _aTaoism -- Sacred books
700 1 _aLegge, James,
_d1815-1897
740 0 _aTao Te Ching
830 0 _aProject Gutenberg
_v216
856 4 0 _uhttp://www.gutenberg.org/ebooks/216
942 _cEB
999 _c229569
_d229569